=LDR 00000nam 2200000 4500 =001 INLIS000000000002278 =005 20240515030626 =035 ##$$a 0010-0524000032 =007 ta =008 240515###########################0#ind## =020 ##$$a 979-979-078-450-5 =082 ##$$a 001.422 5 =084 ##$$a 001.422 5 MUH p =100 #$$a Muhammad Yaumi =245 1#$$a Pembelajaran Berbasis Multiple Intelligences /$c Muhammad Yaumi =250 ##$$a Cetakan pertama =260 ##$$a Jakarta :$b Dian Rakyat,$c 2012 =300 ##$$a x; 254 hlm. : $b ilus. ; $c 23 cm. =650 #4$$a Belajar